000 00695nam a2200181 a 4500
001 001024358
003 AM-YeHGA
005 20250617150725.0
008 140611s1975 ||| r 000 0 rus d
040 _aAM-YeHGA
041 0 _arus
100 1 _aДугин, А. И.
245 1 0 _aЦифровые методы измерения параметров электрических сигналов и компонентов электрических цепей :
_b(Учебное пособие) /
_cА.И. Дугин.
260 _aМосква :
_bизд-во стандартов,
_c1975.
300 _a140 с. :
_bил.
653 0 _aЭлектрические цепи
090 _c338678
999 _c336900
_d336900